Statistics for Guess the country by its satellite! #1

Click here to take the quiz!

General Stats

  • This quiz has been taken 25 times
  • The average score is 15 of 16

Answer Stats

Answer% Correct
Australia
100%
Canada
100%
China
100%
Madagascar
100%
Mexico
100%
Russia
100%
United States
100%
France
95%
United Kingdom
95%
Germany
90%
Spain
90%
Brazil
86%
Portugal
86%
Panama
81%
Kazakhstan
71%
Ukraine
71%

Score Distribution

Percentile by Number Answered

Percent of People with Each Score

Your Score History

You have not taken this quiz